| 000 | 02060cam a22004574i 4500 | ||
|---|---|---|---|
| 003 | PE-LiUPU | ||
| 005 | 20250731183422.0 | ||
| 008 | 150625s r 000 0 d | ||
| 020 | _a9972726061 | ||
| 035 | _a(Sirsi) i9789972726064 | ||
| 040 |
_aPE-LiUPU _bspa _cPE-LiUPU _erda |
||
| 049 | _aPRUA | ||
| 082 | 0 | 4 |
_a759.985 _bM9 _221 |
| 110 | 2 |
_aLima. _bMunicipalidad. _bPinacoteca Municipal Ignacio Merino. |
|
| 245 | 0 | 0 |
_aAcuarelas de Pancho Fierro y seguidores : _bcolección Ricardo Palma / _c[investigación histórica y estudio introductorio, Francisco Stastny Mosberg ; fotografías, Yutaka Yoshii]. |
| 264 | 1 |
_aLima : _bEDILIBROS, _c2007(Lima : Editora Argentina). |
|
| 300 |
_a394 páginas : _bilustraciones ; _c32 centímetros |
||
| 336 |
_atext _2rdacontent |
||
| 337 |
_aunmediated _2rdamedia |
||
| 338 |
_avolume _2rdacarrier |
||
| 500 | _aManuscritos de Ricardo Palma: transcripción de comentarios.--322-378 p. | ||
| 504 | _aIncluye bibliografía. | ||
| 505 | 0 | _aLa biografía. -Retratos. -El ambiente artístico y la formación profesional. -Los orígenes del costumbrismo de Pancho Fierro. -Viajes científicos y un obispo ilustrado. -Pintores itinerantes. -La vida profesional de un artista negro. - La obra. | |
| 526 | _aP158 | ||
| 526 | _aP146 | ||
| 526 | _aP17 | ||
| 526 | _aP12 | ||
| 526 | _aP06 | ||
| 600 | 0 | 8 |
_aFierro, Pancho, _d1807-1879 _vExposiciones. |
| 600 | 0 | 8 |
_aFierro, Pancho, _d1807-1879 _vBiografía. |
| 600 | 0 | 8 |
_aPalma, Ricardo. _d1833-1919 _vDocumentos |
| 650 | 1 | 8 |
_aAcuarelas peruanas _ySiglo XIX. |
| 650 | 1 | 8 |
_aPintura peruana _ySiglo XIX. |
| 650 | 2 | 8 |
_aPintores _zPerú _ySiglo XIX _vExposiciones. |
| 700 | 1 |
_aStastny Mosberg, Francisco, _d1933- |
|
| 700 | 1 | _aYoshii, Yutaka. | |
| 942 |
_2ddc _cBOOK |
||
| 949 |
_a759.985 M9 _wDEWEY _c1 _i58730 _lCCODEBUL1 _mBUL _p35.00 _r0 _sY _tBOOK _u2015-6-25 _xINGENIERIA _zUNKNOWN _0COMPRA _o.STAFF. Colección General |
||
| 999 |
_c47604 _d47604 |
||
| 980 |
_81 _gALBERTO SANCHEZ Responsable de Automatización |
||